| 000 | 00711nam a2200205Ia 4500 | ||
|---|---|---|---|
| 001 | 16958 | ||
| 003 | GE_BSU | ||
| 008 | 181216s||||||||xx |||||||||||||| ||und|| | ||
| 040 | _cGE_BSU | ||
| 080 | _a821.353.1-1 + 821.353.1-11 | ||
| 100 | _aაბაშიძე, გრიგოლ (1914-1994) | ||
| 245 | _aრჩეული ლექსები და პოემები | ||
| 245 | _cრედ. თ.აბულაძე | ||
| 260 | _aთბილისი | ||
| 260 | _bსაბჭ. საქართველო | ||
| 260 | _c1980 | ||
| 300 | _a385გვ. : 1 ფ. პორტრ. ; 22სმ.. | ||
| 653 | _aრჩეული ლექსები და პოემები | ||
| 942 | _cBK | ||
| 999 |
_c50020 _d50020 |
||